[Event "27th Klatovy A 2019"]
[Site "Klatovy CZE"]
[Date "2019.07.06"]
[Round "8.4"]
[White "Jurek, Josef"]
[Black "Sprenar, Petr"]
[Result "0-1"]
[WhiteElo "2247"]
[BlackElo "2320"]
[PlyCount "102"]
[EventDate "2019.06.29"]
[EventType "swiss"]
[EventRounds "9"]
[EventCountry "CZE"]

1. d4 d5 2. c4 e6 3. Nc3 a6 4. cxd5 exd5 5. Nf3 Nf6 6. Bg5 Be7 7. e3 O-O 8. Qc2 Be6 9. Bd3 h6 10. Bh4 Nbd7 11. O-O Re8 12. h3 c6 13. Rab1 Bd6 14. Ne2 Qc7 15. Bg3 Ne4 16. Bxd6 Qxd6 17. Nd2 Bf5 18. Bxe4 Bxe4 19. Nxe4 Rxe4 20. Rfc1 Rae8 21. b4 Nb6 22. Qd3 R4e7 23. Ng3 g6 24. Re1 f5 25. f4 Nc4 26. Nf1 Re4 27. Nd2 Nxd2 28. Qxd2 Qe7 29. Kf2 g5 30. g3 h5 31. fxg5 h4 32. gxh4 Qh7 33. Kg2 Qxh4 34. Qf2 Qxf2+ 35. Kxf2 Kg7 36. b5 axb5 37. a4 f4 38. axb5 fxe3+ 39. Ke2 Rxd4 40. bxc6 bxc6 41. Rf1 Rd2+ 42. Ke1 Re6 43. h4 Rh2 44. Rb7+ Kg6 45. Rbf7 Rxh4 46. R1f6+ Rxf6 47. Rxf6+ Kxg5 48. Rxc6 Kf4 49. Re6 Kf3 50. Rf6+ Ke4 51. Rd6 d4 0-1

[Event "27th Klatovy A 2019"]
[Site "Klatovy CZE"]
[Date "2019.07.06"]
[Round "8.5"]
[White "Michalek, Jan 1969"]
[Black "Hollan, Petr"]
[Result "1/2-1/2"]
[WhiteElo "2230"]
[BlackElo "2261"]
[PlyCount "72"]
[EventDate "2019.06.29"]
[EventType "swiss"]
[EventRounds "9"]
[EventCountry "CZE"]

1. e4 e6 2. Qe2 c5 3. Nf3 Nc6 4. g3 Nf6 5. d3 d5 6. Bg2 Be7 7. O-O O-O 8. e5 Nd7 9. c4 Nb6 10. Nc3 Nd4 11. Nxd4 cxd4 12. Nb1 dxc4 13. dxc4 d3 14. Qg4 f5 15. exf6 Bxf6 16. c5 Nd5 17. Qc4 b6 18. Nc3 Bxc3 19. bxc3 bxc5 20. Bd2 Kh8 21. Qxd3 Rb8 22. Rab1 Rb6 23. Rxb6 axb6 24. Qb5 Bd7 25. Qb1 b5 26. a4 bxa4 27. c4 Nf6 28. Bf4 Qa5 29. Rd1 a3 30. Qa2 Qc3 31. Ra1 Ng4 32. Qxa3 Qd4 33. Rf1 Qxc4 34. Rc1 Qb4 35. Qxb4 cxb4 36. Bd6 Rc8 1/2-1/2

[Event "27th Klatovy A 2019"]
[Site "Klatovy CZE"]
[Date "2019.07.06"]
[Round "8.6"]
[White "Mejzlik, Ondrej"]
[Black "Vedral, Oldrich"]
[Result "1/2-1/2"]
[WhiteElo "2302"]
[BlackElo "2250"]
[PlyCount "108"]
[EventDate "2019.06.29"]
[EventType "swiss"]
[EventRounds "9"]
[EventCountry "CZE"]

1. c4 e5 2. Nc3 Nc6 3. g3 g6 4. Bg2 Bg7 5. d3 d6 6. e3 f5 7. Nge2 Nf6 8. Rb1 a5 9. a3 O-O 10. O-O Ne7 11. b4 axb4 12. axb4 c6 13. b5 Be6 14. Bb2 g5 15. Ra1 Qd7 16. Qc2 Rxa1 17. Bxa1 f4 18. exf4 gxf4 19. gxf4 Bh3 20. fxe5 Nh5 21. Ng3 Nf4 22. Bxh3 Qxh3 23. f3 d5 24. cxd5 cxd5 25. Rf2 Qe6 26. Kh1 Qxe5 27. Rf1 Rc8 28. Qd2 Ra8 29. Na4 d4 30. Nb6 Rd8 31. Nc4 Qf6 32. Ne4 Qh4 33. Rg1 Neg6 34. Ncd6 h6 35. Rg3 Rf8 36. Qd1 Kh7 37. Rg4 Qh3 38. Rg3 Qe6 39. Nc4 Nh5 40. Rg4 Qf5 41. Ng3 Qxb5 42. Qg1 Rxf3 43. Rxg6 Kxg6 44. Nxh5+ Kxh5 45. Qd1 Qf5 46. Nd2 Qxd3 47. Qxf3+ Qxf3+ 48. Nxf3 b5 49. Kg2 Kg4 50. Nxd4 Be5 51. Bb2 b4 52. h3+ Kh5 53. Kf3 Bf6 54. Kg2 Be5 1/2-1/2

[Event "27th Klatovy A 2019"]
[Site "Klatovy CZE"]
[Date "2019.07.06"]
[Round "8.7"]
[White "Bartos, Jan"]
[Black "Neuman, Petr"]
[Result "1/2-1/2"]
[WhiteElo "2157"]
[BlackElo "2395"]
[PlyCount "30"]
[EventDate "2019.06.29"]
[EventType "swiss"]
[EventRounds "9"]
[EventCountry "CZE"]

1. d4 Nf6 2. Nf3 g6 3. c4 Bg7 4. Nc3 O-O 5. e4 d6 6. Be2 Na6 7. O-O e5 8. Re1 c6 9. Bf1 Bg4 10. d5 Nb4 11. Be2 a5 12. h3 Bc8 13. Bg5 h6 14. Be3 c5 15. Nh2 Kh7 1/2-1/2

[Event "27th Klatovy A 2019"]
[Site "Klatovy CZE"]
[Date "2019.07.06"]
[Round "8.8"]
[White "Furman, Boris"]
[Black "Vorisek, Jaroslav"]
[Result "0-1"]
[WhiteElo "2144"]
[BlackElo "2241"]
[PlyCount "88"]
[EventDate "2019.06.29"]
[EventType "swiss"]
[EventRounds "9"]
[EventCountry "CZE"]

1. d4 f5 2. c4 Nf6 3. Nc3 d6 4. f3 Nbd7 5. e4 fxe4 6. fxe4 c5 7. d5 g6 8. Nf3 Bg7 9. Be2 O-O 10. O-O Ng4 11. h3 Nge5 12. Be3 Qa5 13. Qc2 Nf7 14. Ng5 Nde5 15. Nxf7 Nxf7 16. Bf4 Bd7 17. Bg4 Bxg4 18. hxg4 Qb4 19. Ne2 b5 20. cxb5 Qxb5 21. Rab1 Ne5 22. Bxe5 Bxe5 23. b3 Qd7 24. Rxf8+ Rxf8 25. Rf1 Qxg4 26. Rxf8+ Kxf8 27. Qd3 h5 28. a3 g5 29. b4 h4 30. Kf2 Kf7 31. b5 c4 32. Qxc4 h3 33. gxh3 Qxh3 34. Qc1 Qh2+ 35. Kf3 g4+ 36. Ke3 Qh3+ 37. Kd2 g3 38. Kc2 g2 39. Qg1 Qf3 40. Kd2 Qxe4 41. Qf2+ Bf6 42. a4 Qxd5+ 43. Ke1 Ke8 44. Qxa7 Bh4+ 0-1

[Event "27th Klatovy A 2019"]
[Site "Klatovy CZE"]
[Date "2019.07.06"]
[Round "8.9"]
[White "Vanduyfhuys, Daria"]
[Black "Eret, Matous"]
[Result "1/2-1/2"]
[WhiteElo "2078"]
[BlackElo "2205"]
[PlyCount "108"]
[EventDate "2019.06.29"]
[EventType "swiss"]
[EventRounds "9"]
[EventCountry "CZE"]

1. d4 Nf6 2. c4 g6 3. Nc3 Bg7 4. e4 d6 5. Nf3 O-O 6. Be2 c5 7. d5 b5 8. cxb5 a6 9. O-O axb5 10. Bxb5 Qa5 11. a4 Ba6 12. Bd2 Nbd7 13. Re1 Bxb5 14. Nxb5 Qb6 15. Bc3 Qb7 16. Nd2 Nb6 17. b3 Rfb8 18. Nc4 Ne8 19. Bxg7 Kxg7 20. Qd2 Nxc4 21. bxc4 f6 22. f4 Qd7 23. e5 Nc7 24. Qe3 Re8 25. Nxc7 Qxc7 26. a5 f5 27. exd6 Qxd6 28. Qe5+ Kf7 29. Qe6+ Kf8 30. Qxd6 exd6 31. Reb1 Ra6 32. Rb7 Re7 33. Rxe7 Kxe7 34. Kf2 Kd7 35. Ke3 Ra8 36. Kf3 Kc7 37. g4 Kb7 38. gxf5 gxf5 39. Rb1+ Ka6 40. Rb6+ Kxa5 41. Rxd6 Kb4 42. Rf6 Ra3+ 43. Kf2 Kxc4 44. Rxf5 Rd3 45. Rh5 Rxd5 46. Rxh7 Kd3 47. Kg3 c4 48. Rc7 c3 49. Kg4 Rd4 50. h4 Rc4 51. Rd7+ Ke3 52. Re7+ Re4 53. Rc7 Rxf4+ 54. Kg5 Rxh4 1/2-1/2

[Event "27th Klatovy A 2019"]
[Site "Klatovy CZE"]
[Date "2019.07.06"]
[Round "8.10"]
[White "Slovak, Kilian"]
[Black "Vevera, Radek"]
[Result "1-0"]
[WhiteElo "2242"]
[BlackElo "2066"]
[PlyCount "97"]
[EventDate "2019.06.29"]
[EventType "swiss"]
[EventRounds "9"]
[EventCountry "CZE"]

1. e4 c6 2. d4 d5 3. e5 Bf5 4. Nc3 e6 5. g4 Bg6 6. Nge2 c5 7. h4 h5 8. Nf4 Bh7 9. Nxh5 Nc6 10. dxc5 Bxc5 11. Bb5 Qc7 12. Bxc6+ Qxc6 13. Qf3 O-O-O 14. Nxg7 d4 15. Qxc6+ bxc6 16. Na4 Bf8 17. Nh5 Bxc2 18. b3 Rd5 19. f4 Be7 20. Ng3 Rxh4 21. g5 Rxh1+ 22. Nxh1 Bd8 23. Bd2 Ne7 24. Ng3 Bg6 25. Nb2 Nf5 26. Nxf5 Bxf5 27. Nc4 Be7 28. Rc1 Kd7 29. Kf2 Rb5 30. Kf3 c5 31. Rh1 Rb8 32. Nb2 Kc6 33. Kg3 Kd5 34. Ba5 Be4 35. Rd1 Rh8 36. Nc4 Rh1 37. Ne3+ Kc6 38. Rxh1 Bxh1 39. Ng4 Be4 40. Nh6 Bg6 41. f5 Bxg5 42. fxg6 Bxh6 43. gxf7 Kd7 44. Kg4 Ke7 45. Kh5 Bf4 46. Kg6 Bxe5 47. Bc7 d3 48. Bxe5 d2 49. Bf6+ 1-0

[Event "27th Klatovy A 2019"]
[Site "Klatovy CZE"]
[Date "2019.07.06"]
[Round "8.12"]
[White "Molkanov, Oleg 2001"]
[Black "Hajek, Jiri2"]
[Result "1-0"]
[WhiteElo "2211"]
[BlackElo "2043"]
[PlyCount "55"]
[EventDate "2019.06.29"]
[EventType "swiss"]
[EventRounds "9"]
[EventCountry "CZE"]

1. d4 d5 2. c4 Nc6 3. Nf3 Bg4 4. Nc3 dxc4 5. d5 Bxf3 6. gxf3 Ne5 7. Qd4 Ng6 8. Qxc4 e5 9. dxe6 fxe6 10. Qxe6+ Qe7 11. Qxe7+ Bxe7 12. Bh3 c6 13. Be3 Nf6 14. O-O-O O-O 15. Be6+ Kh8 16. Rd2 b5 17. Ne4 Nxe4 18. fxe4 Bh4 19. f3 Nf4 20. Bd7 Ng2 21. Bc5 Bg5 22. Bxf8 Rd8 23. Bxg7+ Kg8 24. Bc3 Bxd2+ 25. Bxd2 Rxd7 26. Bg5 h6 27. Bxh6 Rh7 28. Bg5 1-0

[Event "27th Klatovy A 2019"]
[Site "Klatovy CZE"]
[Date "2019.07.06"]
[Round "8.13"]
[White "Kotal, Vaclav"]
[Black "Skypala, Ondrej"]
[Result "1-0"]
[WhiteElo "2205"]
[BlackElo "2030"]
[PlyCount "99"]
[EventDate "2019.06.29"]
[EventType "swiss"]
[EventRounds "9"]
[EventCountry "CZE"]

1. e4 c5 2. Nc3 Nc6 3. Nge2 Nf6 4. d4 cxd4 5. Nxd4 e5 6. Ndb5 d6 7. Bg5 a6 8. Na3 b5 9. Nd5 Be7 10. Bxf6 gxf6 11. Qh5 f5 12. Bd3 fxe4 13. Bxe4 Qa5+ 14. c3 Bd7 15. Nxe7 Kxe7 16. Qg5+ Ke8 17. Qf6 Rf8 18. Qxd6 Rc8 19. O-O Qc7 20. Qh6 f5 21. Bf3 Ke7 22. Qxh7+ Rf7 23. Qh4+ Rf6 24. Nc2 Be6 25. Rfe1 e4 26. Ne3 Ne5 27. Bd1 Qb8 28. g3 Rh8 29. Qf4 Kf7 30. Ng2 Rfh6 31. h4 Ke7 32. Be2 Rf6 33. Red1 Rg8 34. a4 Bc4 35. Bxc4 bxc4 36. Rd5 Re6 37. Rad1 Rf8 38. Kf1 Nd3 39. Qg5+ Rff6 40. Nf4 Qxb2 41. R1xd3 exd3 42. Qg7+ Rf7 43. Qg8 Re1+ 44. Kg2 Qb6 45. Rxd3 Qb7+ 46. Rd5 Rf8 47. Ng6+ Kf6 48. Nxf8 Qb1 49. Nh7+ Ke7 50. Qg7+ 1-0

[Event "27th Klatovy A 2019"]
[Site "Klatovy CZE"]
[Date "2019.07.06"]
[Round "8.14"]
[White "Bub, Volker"]
[Black "Krivanek, Vladimir"]
[Result "1/2-1/2"]
[WhiteElo "2049"]
[BlackElo "2166"]
[PlyCount "214"]
[EventDate "2019.06.29"]
[EventType "swiss"]
[EventRounds "9"]
[EventCountry "CZE"]

1. e4 e6 2. b3 d5 3. Bb2 dxe4 4. Nc3 Nf6 5. Qe2 Be7 6. g4 Nc6 7. Nxe4 e5 8. Nxf6+ Bxf6 9. O-O-O Be6 10. Bg2 Nd4 11. Qd3 O-O 12. Be4 Bxg4 13. Bxh7+ Kh8 14. f3 Be6 15. Be4 Qc8 16. Ne2 Rd8 17. Nxd4 exd4 18. Qb5 Bd5 19. Bxd5 c6 20. Bxc6 bxc6 21. Qh5+ Kg8 22. Rhg1 Rd5 23. Qg4 Qb7 24. f4 Ra5 25. Rde1 Rxa2 26. Qf5 Qa6 27. d3 c5 28. Qd7 Qc8 29. Qxc8+ Rxc8 30. Kb1 Ra6 31. Re4 Rb6 32. Rge1 Rbb8 33. f5 a5 34. Ka2 Kh7 35. Bc1 a4 36. Bf4 Ra8 37. Kb2 Bd8 38. Re8 Ba5 39. Rxc8 Rxc8 40. Re7 Bc3+ 41. Ka2 Ra8 42. Rxf7 Kg8 43. Rb7 axb3+ 44. Kxb3 Ra1 45. Kc4 Rf1 46. Be5 Rxf5 47. Bxg7 Rf2 48. Be5 Re2 49. Kd5 Rxc2 50. Kxc5 Rd2 51. Kc4 Rc2 52. Bxd4 Be1+ 53. Kd5 Rxh2 54. Be5 Rd2 55. d4 Bf2 56. Rg7+ Kf8 57. Rh7 Bxd4 58. Bxd4 Ke8 59. Ke6 Kd8 60. Be5 Kc8 61. Rc7+ Kd8 62. Rb7 Ke8 63. Rb8+ Rd8 64. Rb7 Rd1 65. Rh7 Rf1 66. Rh2 Rf3 67. Rd2 Re3 68. Rd1 Re2 69. Rd5 Re1 70. Rb5 Rd1 71. Rb7 Rd2 72. Re7+ Kd8 73. Rh7 Kc8 74. Bd6 Rd1 75. Bc5 Rd2 76. Bd6 Rd1 77. Rc7+ Kd8 78. Rb7 Rc1 79. Rb8+ Rc8 80. Rb7 Rc1 81. Rb8+ Rc8 82. Be7+ Kc7 83. Rb5 Rh8 84. Bd6+ Kc6 85. Rc5+ Kb6 86. Rf5 Kc6 87. Rc5+ Kb6 88. Rc4 Rh5 89. Be5 Kb5 90. Rc1 Rg5 91. Kd5 Rg4 92. Rc7 Rg6 93. Rc8 Rh6 94. Rc5+ Kb4 95. Bc3+ Kb3 96. Be5 Rh4 97. Rc3+ Kb4 98. Rc2 Kb5 99. Rc5+ Kb4 100. Rc6 Kb5 101. Rg6 Rh5 102. Rg8 Rh6 103. Bf4 Rh5+ 104. Bg5 Kb4 105. Kd4 Kb5 106. Rb8+ Kc6 107. Bf4 Rh4 1/2-1/2

[Event "27th Klatovy A 2019"]
[Site "Klatovy CZE"]
[Date "2019.07.06"]
[Round "8.15"]
[White "Hak, David"]
[Black "Dvorak, Jan"]
[Result "0-1"]
[WhiteElo "1980"]
[BlackElo "2141"]
[PlyCount "74"]
[EventDate "2019.06.29"]
[EventType "swiss"]
[EventRounds "9"]
[EventCountry "CZE"]

1. e4 e6 2. d4 d5 3. Nd2 Be7 4. c3 c5 5. Bd3 cxd4 6. cxd4 dxe4 7. Nxe4 Nf6 8. Nf3 Nc6 9. O-O O-O 10. Be3 Nb4 11. Nxf6+ Bxf6 12. Be4 Nd5 13. Ne5 b6 14. Qh5 g6 15. Qf3 Bg7 16. Nc6 Qf6 17. Qg3 h6 18. Bxd5 exd5 19. Qc7 Re8 20. Bf4 Qe6 21. Bd6 Bd7 22. Ne5 Bb5 23. Rfc1 Rad8 24. Bb4 a5 25. Ba3 Bxe5 26. dxe5 Rd7 27. Qc3 d4 28. Qd2 d3 29. Bd6 Qd5 30. Rc3 Bc6 31. f3 Bb5 32. Rac1 Qd4+ 33. Kh1 Rxd6 34. exd6 Re2 35. Rc8+ Kg7 36. Qd1 d2 37. Rb1 Re1+ 0-1

[Event "27th Klatovy A 2019"]
[Site "Klatovy CZE"]
[Date "2019.07.06"]
[Round "8.16"]
[White "Jelinek, Michal"]
[Black "Pavlicek, Lukas"]
[Result "1-0"]
[WhiteElo "2108"]
[BlackElo "1962"]
[PlyCount "111"]
[EventDate "2019.06.29"]
[EventType "swiss"]
[EventRounds "9"]
[EventCountry "CZE"]

1. d4 Nf6 2. c4 g6 3. Nc3 Bg7 4. e4 d6 5. Nf3 O-O 6. Be2 e5 7. d5 a5 8. Bg5 h6 9. Bh4 Qe8 10. Nd2 Nh7 11. O-O f5 12. f3 g5 13. Bf2 f4 14. c5 Bd7 15. cxd6 cxd6 16. Nc4 Na6 17. Nxd6 Qg6 18. Nc4 h5 19. Nb6 Rad8 20. Nxd7 Rxd7 21. Bb5 Rdd8 22. Bxa6 Qxa6 23. Qb3 Qg6 24. Bc5 Rf7 25. Qb6 Bf6 26. d6 g4 27. Kh1 Rg7 28. Rg1 Nf8 29. Nd5 Nd7 30. Ne7+ Bxe7 31. dxe7 Re8 32. Qxg6 Rxg6 33. Ba3 b5 34. Rgd1 b4 35. Bxb4 axb4 36. Rxd7 g3 37. Rb7 Rc6 38. Rd1 Kf7 39. Rxb4 Rec8 40. Rb5 Rc1 41. e8=Q+ Kxe8 42. Rxe5+ Kf7 43. Red5 R8c2 44. a4 Rxd1+ 45. Rxd1 Rxb2 46. Ra1 Rb6 47. a5 Ra6 48. Kg1 h4 49. h3 Ke6 50. Kf1 Kd7 51. Ra2 Kc8 52. Ke2 Rc6 53. a6 Kb8 54. a7+ Ka8 55. Kd3 Rd6+ 56. Kc4 1-0

[Event "27th Klatovy A 2019"]
[Site "Klatovy CZE"]
[Date "2019.07.06"]
[Round "8.17"]
[White "Lochman, Vaclav"]
[Black "Stross, Frantisek"]
[Result "1/2-1/2"]
[WhiteElo "2007"]
[BlackElo "2312"]
[PlyCount "124"]
[EventDate "2019.06.29"]
[EventType "swiss"]
[EventRounds "9"]
[EventCountry "CZE"]

1. e4 c5 2. Nf3 e6 3. d4 cxd4 4. Nxd4 Nf6 5. Nc3 Nc6 6. Ndb5 d6 7. Bf4 e5 8. Bg5 a6 9. Na3 b5 10. Nd5 Be7 11. Bxf6 Bxf6 12. c3 O-O 13. Nc2 Bg5 14. h4 Bh6 15. g4 Bf4 16. Qf3 Be6 17. Nxf4 Qf6 18. g5 Qxf4 19. Qxf4 exf4 20. Nd4 Ne5 21. O-O-O Bg4 22. Be2 f3 23. Bf1 f6 24. Nc2 Rad8 25. Ne3 Be6 26. Bh3 Bxa2 27. Nf5 Bc4 28. Kc2 g6 29. Nd4 Kg7 30. b3 Bg8 31. Ra1 fxg5 32. hxg5 Rf4 33. Rxa6 Rh4 34. Raa1 Rf8 35. Nxb5 Nf7 36. Be6 Rxe4 37. Nd4 Nxg5 38. Bxg8 Kxg8 39. Kd3 Rg4 40. b4 Ne4 41. Rhf1 h5 42. b5 h4 43. b6 d5 44. Nc6 Nc5+ 45. Kc2 Rf6 46. Ne7+ Kf7 47. Nxd5 Rd6 48. Ne3 Ra4 49. Rxa4 Nxa4 50. b7 Rd8 51. Nc4 Nc5 52. Ne5+ Ke6 53. Nc6 Nxb7 54. Nxd8+ Nxd8 55. Kd3 Nc6 56. Ke4 g5 57. Kxf3 Kf5 58. Ra1 Ne5+ 59. Kg2 g4 60. Ra4 Nd3 61. Ra5+ Ke6 62. Ra4 Kf5 1/2-1/2

[Event "27th Klatovy A 2019"]
[Site "Klatovy CZE"]
[Date "2019.07.06"]
[Round "8.18"]
[White "Cmiko, Jakub"]
[Black "Simet, Martin"]
[Result "1/2-1/2"]
[WhiteElo "2005"]
[BlackElo "2244"]
[PlyCount "78"]
[EventDate "2019.06.29"]
[EventType "swiss"]
[EventRounds "9"]
[EventCountry "CZE"]

1. d4 Nf6 2. c4 g6 3. Nc3 Bg7 4. e4 d6 5. Nf3 O-O 6. Be2 e5 7. O-O Nc6 8. d5 Ne7 9. Ne1 Ne8 10. Be3 f5 11. f3 f4 12. Bf2 g5 13. Rc1 Rf6 14. c5 Rg6 15. Nd3 h5 16. Nb5 Bd7 17. Qb3 Nc8 18. Nb4 g4 19. fxg4 hxg4 20. c6 bxc6 21. dxc6+ Be6 22. Bc4 Bxc4 23. Qxc4+ Kh7 24. g3 Qg5 25. Rc2 Nb6 26. Bxb6 axb6 27. Nd5 fxg3 28. hxg3 Rh6 29. Rff2 Rh3 30. Rh2 Bh6 31. Rxh3 gxh3 32. Kh2 Ng7 33. Rf2 Nh5 34. Qb3 Rxa2 35. Ne7 Nxg3 36. Qxa2 Nf1+ 37. Kh1 Ng3+ 38. Kh2 Nf1+ 39. Kh1 Ng3+ 1/2-1/2

[Event "27th Klatovy A 2019"]
[Site "Klatovy CZE"]
[Date "2019.07.06"]
[Round "8.19"]
[White "Brejnik, Gustav"]
[Black "Kupsa, Matej 2001"]
[Result "1/2-1/2"]
[WhiteElo "2114"]
[BlackElo "1929"]
[PlyCount "61"]
[EventDate "2019.06.29"]
[EventType "swiss"]
[EventRounds "9"]
[EventCountry "CZE"]

1. d4 d5 2. c4 e6 3. Nf3 c6 4. e3 f5 5. Bd3 Nf6 6. O-O Bd6 7. b3 Qe7 8. Bb2 O-O 9. Nc3 Nbd7 10. cxd5 cxd5 11. Nb5 Bb4 12. a3 Ba5 13. b4 Bb6 14. Rc1 Ne4 15. Qc2 Ndf6 16. Ne5 Bd7 17. f3 Bxb5 18. Bxb5 Nd6 19. Bd3 Nd7 20. Kh1 Rac8 21. Qb3 a6 22. a4 Nxe5 23. dxe5 Nc4 24. Bxc4 Rxc4 25. Rxc4 dxc4 26. Qxc4 Bxe3 27. Rd1 Kf7 28. Qd3 Bb6 29. Qc4 Rd8 30. Rf1 Qd7 31. a5 1/2-1/2

[Event "27th Klatovy A 2019"]
[Site "Klatovy CZE"]
[Date "2019.07.06"]
[Round "8.19"]
[White "Vavrinkova, Eliska"]
[Black "Kozak, Milos"]
[Result "1/2-1/2"]
[WhiteElo "1858"]
[BlackElo "2165"]
[PlyCount "90"]
[EventDate "2019.06.29"]
[EventType "swiss"]
[EventRounds "9"]
[EventCountry "CZE"]

1. d4 Nf6 2. Nf3 g6 3. g3 Bg7 4. Bg2 O-O 5. c4 d6 6. Nc3 Nbd7 7. O-O e5 8. e4 exd4 9. Nxd4 Re8 10. h3 Nc5 11. Re1 Bd7 12. Rb1 h6 13. b4 Ne6 14. Be3 Ng5 15. Bxg5 hxg5 16. Qd2 g4 17. h4 Nh5 18. Nce2 Be5 19. Nb3 Be6 20. Rbc1 b6 21. Nbd4 c5 22. Nc6 Qc7 23. b5 a6 24. Nf4 Nxf4 25. gxf4 axb5 26. fxe5 Qxc6 27. exd6 Qd7 28. e5 Ra7 29. cxb5 Rxa2 30. Qg5 Qd8 31. Bc6 Qxg5 32. hxg5 Rb8 33. Ra1 Rd2 34. Red1 Rxd1+ 35. Rxd1 Kg7 36. Ra1 Kf8 37. Ra7 Kg8 38. Rc7 Kf8 39. Kf1 Bc4+ 40. Ke1 Be6 41. Kd2 Kg8 42. Bb7 Kf8 43. d7 Rd8 44. Bc6 Ke7 45. Ke3 Bxd7 1/2-1/2

[Event "27th Klatovy A 2019"]
[Site "Klatovy CZE"]
[Date "2019.07.06"]
[Round "8.21"]
[White "Kunc, Jan"]
[Black "Holy, Filip"]
[Result "1/2-1/2"]
[WhiteElo "1919"]
[BlackElo "2088"]
[PlyCount "79"]
[EventDate "2019.06.29"]
[EventType "swiss"]
[EventRounds "9"]
[EventCountry "CZE"]

1. e4 c6 2. d4 d5 3. exd5 cxd5 4. Bd3 Nc6 5. c3 Nf6 6. Bf4 a6 7. Nd2 Bg4 8. Ngf3 e6 9. O-O Be7 10. Qb3 Qc8 11. Ne5 Bh5 12. Bg5 Bg6 13. Nxg6 hxg6 14. Nf3 Qc7 15. Rfe1 O-O-O 16. Ne5 Nxe5 17. dxe5 Ng4 18. Bxe7 Qxe7 19. h3 Qc5 20. Re2 Rh4 21. a4 Rdh8 22. a5 R8h5 23. Ra4 Nh6 24. Qc2 Rxa4 25. Qxa4 Qc7 26. Qe8+ Qd8 27. Qxd8+ Kxd8 28. Re3 Ng8 29. g4 Rh8 30. Kg2 Ne7 31. c4 dxc4 32. Bxc4 Nc6 33. b4 Kc7 34. Rc3 g5 35. b5 axb5 36. Bxb5 Rc8 37. a6 Kb6 38. axb7 Kxb7 39. Bxc6+ Rxc6 40. Rb3+ 1/2-1/2

[Event "27th Klatovy A 2019"]
[Site "Klatovy CZE"]
[Date "2019.07.06"]
[Round "8.22"]
[White "Dvorakova, Olga"]
[Black "Pick, Stepan"]
[Result "1-0"]
[WhiteElo "1763"]
[BlackElo "2058"]
[PlyCount "53"]
[EventDate "2019.06.29"]
[EventType "swiss"]
[EventRounds "9"]
[EventCountry "CZE"]

1. d4 d5 2. c4 e6 3. Nc3 a6 4. Nf3 dxc4 5. e3 b5 6. a4 b4 7. Na2 Nf6 8. Bxc4 Bb7 9. O-O Be7 10. a5 O-O 11. Bd2 Nc6 12. Nc1 Ne4 13. Nb3 Nb8 14. Ne5 Bd5 15. Qc2 Qd6 16. Rfc1 Rc8 17. Nd3 Nxd2 18. Qxd2 Nd7 19. Nbc5 Bxc4 20. Rxc4 Nxc5 21. Nxc5 e5 22. Qxb4 exd4 23. exd4 Rab8 24. Qc3 Qd5 25. Nxa6 Rxb2 26. Rxc7 Qb7 27. Rc1 1-0

[Event "27th Klatovy A 2019"]
[Site "Klatovy CZE"]
[Date "2019.07.06"]
[Round "8.23"]
[White "Finek, Vaclav"]
[Black "Hosnedl, Matyas"]
[Result "1/2-1/2"]
[WhiteElo "2043"]
[BlackElo "1903"]
[PlyCount "54"]
[EventDate "2019.06.29"]
[EventType "swiss"]
[EventRounds "9"]
[EventCountry "CZE"]

1. d4 Nf6 2. c4 c5 3. d5 b5 4. cxb5 a6 5. bxa6 g6 6. Nc3 Bg7 7. e4 O-O 8. Nf3 Qa5 9. Bd2 Bxa6 10. Bxa6 Qxa6 11. Qe2 e6 12. Qxa6 Nxa6 13. dxe6 fxe6 14. O-O Rfb8 15. Rab1 Nb4 16. a4 Nd3 17. b3 Rb4 18. e5 Ne4 19. Nxe4 Rxe4 20. Be3 c4 21. bxc4 Rxc4 22. Rfd1 Nxe5 23. Nxe5 Bxe5 24. Rxd7 Rcxa4 25. g3 Ra1 26. Rxa1 Rxa1+ 27. Kg2 Bf6 1/2-1/2

[Event "27th Klatovy A 2019"]
[Site "Klatovy CZE"]
[Date "2019.07.06"]
[Round "8.24"]
[White "Kopriva, Martin"]
[Black "Vilimova, Julie"]
[Result "1-0"]
[WhiteElo "2031"]
[BlackElo "1786"]
[PlyCount "27"]
[EventDate "2019.06.29"]
[EventType "swiss"]
[EventRounds "9"]
[EventCountry "CZE"]

1. d4 Nf6 2. g4 d5 3. g5 Ne4 4. f3 Nd6 5. Nc3 c6 6. e4 dxe4 7. fxe4 Qa5 8. Qf3 e5 9. dxe5 Qxe5 10. Bf4 Qc5 11. O-O-O Be7 12. Qg3 Nc4 13. Bxc4 Qxc4 14. Bxb8 1-0

[Event "27th Klatovy A 2019"]
[Site "Klatovy CZE"]
[Date "2019.07.06"]
[Round "8.25"]
[White "Palek, Miroslav"]
[Black "Odehnal, Jaroslav"]
[Result "1-0"]
[WhiteElo "2188"]
[BlackElo "1930"]
[PlyCount "73"]
[EventDate "2019.06.29"]
[EventType "swiss"]
[EventRounds "9"]
[EventCountry "CZE"]

1. e4 c5 2. Nf3 d6 3. Bb5+ Bd7 4. Bxd7+ Nxd7 5. O-O Ngf6 6. Re1 e6 7. c3 Be7 8. d3 Qc7 9. Bg5 h6 10. Bf4 Nh5 11. Be3 Nhf6 12. a4 O-O 13. Nbd2 Rfe8 14. b3 d5 15. e5 Nh7 16. Bf4 Qc6 17. h4 f6 18. exf6 Bxf6 19. d4 c4 20. Nf1 Qb6 21. Qd2 Qd8 22. g3 g5 23. hxg5 Nxg5 24. N1h2 Qe7 25. Kg2 Qg7 26. Qe3 Re7 27. Ng4 Nxf3 28. Nxh6+ Kf8 29. Qxf3 Ke8 30. Qh5+ Kd8 31. Bd6 Re8 32. Nf7+ Kc8 33. Bf4 Re7 34. Nd6+ Kd8 35. Nxb7+ Kc8 36. Nd6+ Kd8 37. Rxe6 1-0

[Event "27th Klatovy A 2019"]
[Site "Klatovy CZE"]
[Date "2019.07.06"]
[Round "8.26"]
[White "Kaderabek, Jiri"]
[Black "Novak, Vaclav2"]
[Result "1/2-1/2"]
[WhiteElo "2182"]
[BlackElo "1870"]
[PlyCount "52"]
[EventDate "2019.06.29"]
[EventType "swiss"]
[EventRounds "9"]
[EventCountry "CZE"]

1. Nf3 d5 2. d3 g6 3. g3 Bg7 4. Bg2 Nf6 5. O-O O-O 6. c3 c6 7. Qc2 Qc7 8. Bf4 Qd8 9. e4 Nh5 10. Be3 dxe4 11. dxe4 e5 12. Na3 Qc7 13. Bc5 Re8 14. Nc4 Bf8 15. Bxf8 Kxf8 16. Qd2 Kg7 17. Qd6 Na6 18. Qxc7 Nxc7 19. Ncxe5 f6 20. Nc4 Rxe4 21. Nd4 Re7 22. Bf3 Kf8 23. Bxh5 gxh5 24. Rfe1 c5 25. Rxe7 Kxe7 26. Ne2 Be6 1/2-1/2

[Event "27th Klatovy A 2019"]
[Site "Klatovy CZE"]
[Date "2019.07.06"]
[Round "8.27"]
[White "Danko, Jiri"]
[Black "Cakl, Zdenek"]
[Result "0-1"]
[WhiteElo "1881"]
[BlackElo "2072"]
[PlyCount "96"]
[EventDate "2019.06.29"]
[EventType "swiss"]
[EventRounds "9"]
[EventCountry "CZE"]

1. e4 c5 2. Nf3 d6 3. d4 cxd4 4. Nxd4 Nf6 5. Bd3 g6 6. O-O Bg7 7. c4 O-O 8. Nc3 Nc6 9. Nxc6 bxc6 10. h3 Nd7 11. Qc2 Nc5 12. Be2 Rb8 13. Be3 Qa5 14. Rac1 Be6 15. f3 Qb4 16. b3 a5 17. Bd2 Qb7 18. Rb1 Bd7 19. Be3 Ne6 20. Qd3 c5 21. Nd5 Bc6 22. f4 Nd4 23. Bf3 e6 24. Nc3 Rbd8 25. Kh1 f5 26. Rfe1 Rde8 27. Bd2 Rd8 28. Kh2 Qe7 29. Ne2 Qh4 30. Nxd4 Bxd4 31. g3 Qe7 32. Qe2 Qb7 33. Bg2 Qa8 34. g4 Rfe8 35. Kg3 a4 36. b4 cxb4 37. Bxb4 Bc5 38. Bc3 fxe4 39. Bxe4 d5 40. Bf6 dxe4 41. Bxd8 Rxd8 42. Rbd1 Rxd1 43. Rxd1 Qa5 44. Rf1 Qc3+ 45. Kh4 Qd3 46. Qe1 e3 47. f5 exf5 48. gxf5 Qe4+ 0-1

[Event "27th Klatovy A 2019"]
[Site "Klatovy CZE"]
[Date "2019.07.06"]
[Round "8.28"]
[White "Novotny, Jaroslav2"]
[Black "Rybin, Jan"]
[Result "1/2-1/2"]
[WhiteElo "1979"]
[BlackElo "1900"]
[PlyCount "45"]
[EventDate "2019.06.29"]
[EventType "swiss"]
[EventRounds "9"]
[EventCountry "CZE"]

1. e4 c6 2. d4 d5 3. e5 Bf5 4. Nf3 e6 5. Be2 c5 6. O-O Nc6 7. c3 Nge7 8. Be3 cxd4 9. cxd4 Bg6 10. Nh4 Nf5 11. Nxf5 Bxf5 12. a3 Be7 13. b4 O-O 14. Nd2 Qd7 15. f4 h6 16. g4 Bh7 17. Nf3 Rac8 18. Bd3 Bxd3 19. Qxd3 a6 20. g5 hxg5 21. Nxg5 Bxg5 22. fxg5 Ne7 23. Rac1 1/2-1/2